| 000 | 00476nam a2200169Ia 4500 | ||
|---|---|---|---|
| 001 | 1625 | ||
| 008 | 170208s1995 ii g b000 u 346 u | ||
| 082 | _a891.4409 | ||
| 100 |
_aChoudhary, Bhudev ., _eAuthor. |
||
| 245 | 0 |
_aBangla Sahityer itikatha Vol.I / _cBhudev Choudhary. _hTextual Documents |
|
| 250 | _a1st ed / | ||
| 260 |
_aCalcutta : _bDey`s publishing , _c1995. |
||
| 300 |
_a438p. ; _c24cm. |
||
| 653 | _aReference | ||
| 653 | _aBengali literature | ||
| 942 |
_2ddc _cBK |
||
| 999 |
_c1621 _d1621 |
||